000 01911nam a2200361 a 4500
003 CO-CtgCURN
005 20250329165437.0
008 160531s2014 000 0 eng d
040 _aCO-CtgCURN
_bspa
_ccoctgcurn
082 0 _aEST 2014
_bR175
100 1 _aRamos de la Espriella, Carolin.
245 1 0 _aComparación de la efectividad producida por productos cosmeticos y naturales para tratamiento estetico despigmentantes en zonas nigris del cuerpo (axilas y entrepiernas) en estudiantes en edades comprendidas entre 20 - 30 de la CURN /
_cCarolin Ramos de la Espriella ; coinvestigadores, Dixie Paola Arzuza, Diana Pardo, Ana Sotelino ; asesor, Ingrid González Arteta.
260 _aCartagena de Indias :
_bCorporación Universitaria Rafael Nuñez,
_c2014.
300 _a1 CD-Rom.
336 _2rdacontent
337 _2rdamedia
_asin mediacion
_bn
338 _2rdacarrier
_avolumen
_bnc
500 _aIncluye anexos.
502 _aTrabajo de grado (Tecnologo en Estetica y Cosmetologia). Corporación Universitaria Rafael Nuñez. Facultad de Ciencias de la Salud. Tecnologia en Estetica y Cosmetologia, 2014.
504 _aIncluye bibliografia.
590 _aTecnologia en Estetica y Cosmetologia
650 0 _aEstética y cosmetología
_vTesis y disertaciones academicas.
650 0 _aTratamientos corporales.
650 0 _aPigmentacion
_vDesordenes.
650 0 _aEpidermis
_vAnomalias.
700 1 _aArzuza, Dixie Paola,
_ecoinvestigador.
700 1 _aPardo, Diana,
_ecoinvestigador.
700 1 _aSotelino, Ana,
_ecoinvestigador.
700 1 _aGonzález Arteta, Ingrid,
_easesor.
856 7 _uhttps://unicurn.sharepoint.com/:b:/s/biblioteca/EfQ6OUCD_8xDjTEHYQ2XclYBkRoF4rfcCns-Bz_JQEFt6A?e=G9ieD0
_zClick aqui para ver el recurso en texto completo
942 _hEST 2014
_iR175
_2ddc
_cTG
999 _c4162
_d4162